00905nam a22001937a 450000500170000000800410001702000180005805000210007624501700009725000120026726000540027930000280033349000210036165000720038265100920045465100800054670000380062670000470066420230919093606.0230919b mx ||||| |||| 00| 0 spa d a978607777516404aF1346 bL67 201103aDe los márgenes al centrob : Sonora en la independencia y la revoluciona : cambios y continuidadesc / Ignacio Almada Bay, Jose Marcos Medina Bustos, compiladores a1a ed.  aSonora, México : bEl Colegio de Sonora, c2011 a431 paginas ; c22 cm. 0 aColección 2010 72lembaHistoriografíazSonora (Estado)zMéxicoxHistoriografía 72lembaSonora (Estado)xHistoriayGuerra de independencia , 1810-1821vFuenteszMéxico 72lembaSonora (Estado)xHistoriayRevolución, 1910-1917vFuenteszMéxico1 aAlmada Bay, Ignacio, ecompilador1 aMedina Bustos, José Marcos, ecompilador